Normal view
MARC view
- Banking law (Islamic law)
Entry Topical Term
001 - CONTROL NUMBER
- control field: 9028
003 - CONTROL NUMBER IDENTIFIER
- control field: OSt
005 - DATE AND TIME OF LATEST TRANSACTION
- control field: 20170731114221.0
008 - FIXED-LENGTH DATA ELEMENTS
- fixed length control field: 170731|| aca||aabn | a|a d
040 ## - CATALOGING SOURCE
- Original cataloging agency: OSt
- Transcribing agency: OSt
150 ## - HEADING--TOPICAL TERM
- Topical term or geographic name entry element: Banking law (Islamic law)
- Geographic subdivision: Malaysia
670 ## - SOURCE DATA FOUND
- Source citation: Work cat.: (OSt)0: Malaysia 400, Akta Bank Islam 1983 (Akta 276) :, 2017

PORTAL AKMAL
E-MEL JKDM
AKMAL2U
G-BAM
u-PUSTAKA